| 000 | 01008nam a2200301 4500 | ||
|---|---|---|---|
| 003 | EG-GICUC | ||
| 005 | 20260121101349.0 | ||
| 008 | 251126s1931 fr ||||fr|||| 001 0 fre d | ||
| 040 |
_aEG-GiCUC _bfre _cEG-GiCUC _dEG-GiCUC _eRda |
||
| 041 | _afre | ||
| 082 | 0 | 4 |
_221 _a341.22 _bR A . P |
| 092 | 0 | 4 | _221 |
| 099 | _aLaw1 11 341.22 R A . P 1931 | ||
| 100 | 1 |
_aRay, Jean _eAuteur |
|
| 245 | 1 |
_aLa Politique et la Jurisprudence de la société des Nations du début de 1930 au debut de 1931 / _cJean Ray. |
|
| 264 | 1 |
_aparis : _bRecueil Sirey، _c1931. |
|
| 300 |
_a117 page ; _c 24 cm. |
||
| 336 |
_2rda contenu _a texte |
||
| 337 |
_2rda medias _aOrdinateur |
||
| 338 |
_2 transporteur rda _a Ressource en ligne |
||
| 504 | _aRéférences bibliographiques | ||
| 546 | _aTexte en français | ||
| 650 | 1 |
_aSociété des nations. _xDroit international public _2qrmak |
|
| 651 | 1 | _2qrmak | |
| 856 | 4 | 0 | _uhttps://fll.law.cu.edu.eg/fulltext/bks/B11-06164.pdf |
| 905 |
_a75 _eYara |
||
| 942 |
_2ddc _n0 _cBK _e21 |
||
| 999 |
_c46299 _d46299 |
||